La prehistoria de España a través de los mitos
Furkejuvvon:
| Váldodahkki: | |
|---|---|
| Materiálatiipa: | Girji |
| Giella: | espánnjágiella |
| Almmustuhtton: |
Valparaíso, Chile
Imprenta y Encuadernacion Roma
1932
|
| Fáttát: | |
| Fáddágilkorat: |
Lasit fáddágilkoriid
Eai fáddágilkorat, Lasit vuosttaš fáddágilkora!
|
MARC
| LEADER | 00000cam a2200000 a 4500 | ||
|---|---|---|---|
| 001 | UCX8625 | ||
| 003 | CL-VaPUC | ||
| 005 | 20210604001544.0 | ||
| 008 | 940415e19320000CL |||||||||||||||||spa|d | ||
| 999 | |c 228068 |d 228066 | ||
| 040 | |c Pontificia Universidad Católica de Valparaíso | ||
| 082 | 0 | 4 | |a 946 THA 1932 |2 21 |
| 100 | 0 | |a Thayer Ojeda, Luis |e author |9 325791 | |
| 245 | 1 | 3 | |a La prehistoria de España a través de los mitos |
| 260 | |a Valparaíso, Chile |b Imprenta y Encuadernacion Roma |c 1932 | ||
| 300 | |a 26 páginas | ||
| 583 | |a last modification |c 20121204 01:10:49 |k Rodrigo Vera | ||
| 650 | 0 | |a Historia |9 255047 | |
| 651 | 0 | |a España |9 254926 | |
| 852 | |a BIBCUR | ||
| 942 | |c BK |2 ddc | ||
| 945 | |d 19940415 00:00:00 |a aalvarez | ||
| 952 | |0 0 |1 0 |2 ddc |4 0 |6 946_000000000000000_THA_1932 |7 0 |8 P |9 227666 |a BIBEDU |b BIBEDU |c BIBEDU_PB |d 2019-11-15 |i 2956683 |o 946 THA 1932 |p 2956683 |r 2024-01-25 |t 2 |w 2019-11-15 |y BK |k FIL | ||
| 952 | |0 0 |1 0 |2 ddc |4 0 |6 946_000000000000000_THA_1932 |7 0 |8 A |9 227667 |a BIBHIS |b BIBHIS |d 2019-11-15 |i 4931947 |o 946 THA 1932 |p 4931947 |r 2024-01-30 |t 1 |w 2019-11-15 |y BK |k HIS | ||